Normal view
MARC view
- MS Robotics and Intelligent Machine Engineering
Entry Personal Name
001 - CONTROL NUMBER
- control field: 131845
003 - CONTROL NUMBER IDENTIFIER
- control field: NUST
005 - DATE AND TIME OF LATEST TRANSACTION
- control field: 20251112153043.0
008 - FIXED-LENGTH DATA ELEMENTS
- fixed length control field: 251112|| aca||aabn | a|a d
040 ## - CATALOGING SOURCE
- Original cataloging agency: NUST
- Transcribing agency: NUST
100 ## - HEADING--PERSONAL NAME
- Personal name: MS Robotics and Intelligent Machine Engineering
670 ## - SOURCE DATA FOUND
- Source citation: Work cat.: (NUST): Iqbal, Anwar 131844, Disease Detection in Cotton field using Deep Learning through UAV Imagery /
